বীমাবিদ খোদা বকস স্মারকগ্রন্থ / (Record no. 74421)
[ view plain ]
| 000 -LEADER | |
|---|---|
| fixed length control field | 01585nam a2200325 a 4500 |
| 001 - CONTROL NUMBER | |
| control field | 74421 |
| 003 - CONTROL NUMBER IDENTIFIER | |
| rucl marc code | BD-RjUL |
| 005 - DATE AND TIME OF LATEST TRANSACTION | |
| control field | 20211209082541.0 |
| 008 - FIXED-LENGTH DATA ELEMENTS--GENERAL INFORMATION | |
| fixed length control field | 180918s2009 b af||| b||| 00| 0 b d |
| 020 ## - INTERNATIONAL STANDARD BOOK NUMBER | |
| International Standard Book Number | 9843000029685 : |
| Terms of availability | Tk.500.00 |
| 035 ## - SYSTEM CONTROL NUMBER | |
| System control number | (BD-RjUL)74639 |
| 040 ## - CATALOGING SOURCE | |
| Original cataloging agency | BD-RjUL |
| Language of cataloging | eng |
| Transcribing agency | BD-RjUL |
| 041 ## - LANGUAGE CODE | |
| Language code of text/sound track or separate title | ben |
| 082 ## - DEWEY DECIMAL CLASSIFICATION NUMBER | |
| Edition number | 23 |
| Classification number | 368.320092 |
| Author mark and year | BIM 2009 |
| 245 ## - TITLE STATEMENT | |
| Title | বীমাবিদ খোদা বকস স্মারকগ্রন্থ / |
| Statement of responsibility, etc. | সম্পাদনায় ; রওশন আরা রহমান ।---[ও অনান্য] |
| 260 ## - PUBLICATION, DISTRIBUTION, ETC. (IMPRINT) | |
| Place of publication, distribution, etc. | ঢাকা : |
| Name of publisher, distributor, etc. | খোদা বকস মেমোরিয়াল ট্রাস্ট , |
| Date of publication, distribution, etc. | c২০০৯ |
| 300 ## - PHYSICAL DESCRIPTION | |
| Pagination | ৩৭৫ পৃ. : |
| Illustrations | চিত্র ; |
| Size | 22সেমি |
| 500 ## - GENERAL NOTE | |
| General note | Khuda Buksh comparative Volume |
| 504 ## - BIBLIOGRAPHY, ETC. NOTE | |
| Bibliography, etc | গ্রন্থপঞ্জি সংযোজিত |
| 600 ## - SUBJECT ADDED ENTRY--PERSONAL NAME | |
| Personal name | বকস, খোদা |
| Dates associated with a name | ১৯১২-১৯৭৪ |
| Personal name | Buksh, Khuda, |
| Dates associated with a name | 1912-1974. |
| 650 ## - SUBJECT ADDED ENTRY--TOPICAL TERM | |
| Topical term or geographic name as entry element | বীমা নির্বাহক |
| Geographic subdivision | পাকিস্তান |
| Form subdivision | জীবনী |
| 9 (RLIN) | 222741 |
| Topical term or geographic name as entry element | Insurance executives |
| Geographic subdivision | Pakistan |
| Form subdivision | Biography |
| 9 (RLIN) | 222742 |
| Topical term or geographic name as entry element | বীমা নির্বাহক |
| Geographic subdivision | বাংলাদেশ |
| Form subdivision | জীবনী |
| 9 (RLIN) | 222743 |
| Topical term or geographic name as entry element | Insurance executives |
| Geographic subdivision | Bangladesh |
| Form subdivision | Biography |
| 9 (RLIN) | 222744 |
| Topical term or geographic name as entry element | জীবনবীমা |
| Geographic subdivision | পাকিস্তান |
| Form subdivision | জীবনী |
| 9 (RLIN) | 143862 |
| Topical term or geographic name as entry element | Life insurance |
| Geographic subdivision | Pakistan |
| Form subdivision | History. |
| 9 (RLIN) | 222745 |
| 700 ## - ADDED ENTRY--PERSONAL NAME | |
| Personal name | রহমান, রওশন আরা |
| 942 ## - ADDED ENTRY ELEMENTS (KOHA) | |
| Source of classification or shelving scheme | Dewey Decimal Classification |
| Koha item type | Books |
| Lost status | Source of classification or shelving scheme | Damaged status | Not for loan | Collection code | Permanent Location | Current Location | Shelving location | Date acquired | Source of acquisition | Cost, normal purchase price | Total Checkouts | Full call number | Date last seen | Copy number | Koha item type |
|---|---|---|---|---|---|---|---|---|---|---|---|---|---|---|---|
| Dewey Decimal Classification | Not For Loan | Non-fiction | Central Library, University of Rajshahi | Central Library, University of Rajshahi | Reading Room | 01/07/2018 | Khodabks memorial trast , Dhaka | 500.00 | B 368.320092 BIM 2009 | 18/09/2018 | C-1 | Books |